| 000 | 00362nam a22001337a 4500 | ||
|---|---|---|---|
| 999 |
_c4837 _d4837 |
||
| 008 | 200902b ||||| |||| 00| 0 eng d | ||
| 082 | 0 | 0 |
_a536 _bS872 |
| 100 |
_92741 _aStoever, Herman J. |
||
| 245 | 1 | 0 |
_aApplied heat transmission _cby Herman J. Stoever |
| 260 |
_aNew-York _bMcGraw-Hill _c1941 |
||
| 300 | _avii, 226 p. | ||
| 650 | 0 | _aHeat Transmission | |
| 942 | _cBK | ||